000 00954nam a2200289 a 4500
001 000111774
003 CHAP
005 20220329144228.0
008 150727s2014 mx ad |rm |0|||||spa d
010 _a108235
011 _a109207
040 _cCHAP
090 _aTesis
100 1 _aRamírez Jimenez, Irving
_9129721
245 1 0 _aRespuesta reproductiva de obejas pelibuy sometidas o no a sobrealimentación ("Flushing") y al "efecto macho" /
_cpor Irving Ramírez Jiménez.
260 _aCocula, Gro. :
_bEl autor,
_c2014.
300 _a44 h. :
_bil, gráfs.
502 _aTesis (Ing. Agr. Zootecnista) -- CSAEGRO. Centro de Estudios Profesionales
590 _aE5652GLJ
_b05
_c20150727
_lUCH01
_h1156
650 1 4 _aCiclo estrual.
_923072
650 1 4 _aGanado lanar
_xAlimentación.
_945153
650 1 4 _aGanado lanar
_xFecundidad.
_945181
650 1 4 _aGanado lanar
_xReproducción.
_945220
901 _aBK
942 _cTESIS
942 _n0
999 _c108235
_d108235